<?xml version="1.0" encoding="UTF-8"?>
<collection xmlns="http://www.loc.gov/MARC21/slim">
 <record>
  <leader>01830nam a22002657a 4500</leader>
  <controlfield tag="001">NCT_63273</controlfield>
  <controlfield tag="008">190418b        xxu||||| |||| 00| 0 vie d</controlfield>
  <datafield tag="999" ind1=" " ind2=" ">
   <subfield code="c">3061</subfield>
   <subfield code="d">3061</subfield>
  </datafield>
  <datafield tag="020" ind1=" " ind2=" ">
   <subfield code="a">9786048223809</subfield>
   <subfield code="c">119000</subfield>
  </datafield>
  <datafield tag="082" ind1="0" ind2="4">
   <subfield code="2">23rd ed.</subfield>
   <subfield code="a">624.1821</subfield>
   <subfield code="b">Th455</subfield>
  </datafield>
  <datafield tag="100" ind1="1" ind2=" ">
   <subfield code="a">Nguyễn Võ Thông</subfield>
   <subfield code="e">Chủ biên</subfield>
  </datafield>
  <datafield tag="245" ind1="1" ind2="0">
   <subfield code="a">Thiết kế kết cấu thép trong công trình xây dựng dân dụng và công nghiệp</subfield>
   <subfield code="c">Nguyễn Võ Thông (chủ biên) ; Đoàn Định Kiến, Phạm Văn Hội</subfield>
  </datafield>
  <datafield tag="260" ind1=" " ind2=" ">
   <subfield code="a">H.</subfield>
   <subfield code="b">Xây dựng</subfield>
   <subfield code="c">2018</subfield>
  </datafield>
  <datafield tag="300" ind1=" " ind2=" ">
   <subfield code="a">228 tr.</subfield>
   <subfield code="b">Minh họa</subfield>
   <subfield code="c">27cm</subfield>
  </datafield>
  <datafield tag="520" ind1="3" ind2=" ">
   <subfield code="a">Những kiến thức về thiết kế công trình xây dựng dân dụng và công nghiệp bằng thép cho các kỹ sư công trình và các bộ kỹ thuật xây dựng..</subfield>
  </datafield>
  <datafield tag="653" ind1=" " ind2=" ">
   <subfield code="a">Kỹ thuật công trình xây dựng</subfield>
  </datafield>
  <datafield tag="700" ind1="1" ind2=" ">
   <subfield code="a">Đoàn Định Kiến</subfield>
  </datafield>
  <datafield tag="700" ind1="1" ind2=" ">
   <subfield code="a">Phạm Văn Hội</subfield>
  </datafield>
  <datafield tag="942" ind1=" " ind2=" ">
   <subfield code="2">ddc</subfield>
   <subfield code="c">BK</subfield>
  </datafield>
  <datafield tag="952" ind1=" " ind2=" ">
   <subfield code="0">0</subfield>
   <subfield code="1">0</subfield>
   <subfield code="2">ddc</subfield>
   <subfield code="4">0</subfield>
   <subfield code="6">624_182100000000000_TH455</subfield>
   <subfield code="7">0</subfield>
   <subfield code="9">16603</subfield>
   <subfield code="a">000001</subfield>
   <subfield code="b">000001</subfield>
   <subfield code="d">2019-04-18</subfield>
   <subfield code="o">624.1821 Th455</subfield>
   <subfield code="p">MD.15306</subfield>
   <subfield code="r">2019-04-18</subfield>
   <subfield code="v">119000.00</subfield>
   <subfield code="w">2019-04-18</subfield>
   <subfield code="y">BK</subfield>
  </datafield>
  <datafield tag="952" ind1=" " ind2=" ">
   <subfield code="0">0</subfield>
   <subfield code="1">0</subfield>
   <subfield code="2">ddc</subfield>
   <subfield code="4">0</subfield>
   <subfield code="6">624_182100000000000_TH455</subfield>
   <subfield code="7">0</subfield>
   <subfield code="9">16604</subfield>
   <subfield code="a">000001</subfield>
   <subfield code="b">000001</subfield>
   <subfield code="d">2019-04-18</subfield>
   <subfield code="o">624.1821 Th455</subfield>
   <subfield code="p">MD.15307</subfield>
   <subfield code="r">2019-04-18</subfield>
   <subfield code="v">119000.00</subfield>
   <subfield code="w">2019-04-18</subfield>
   <subfield code="y">BK</subfield>
  </datafield>
  <datafield tag="952" ind1=" " ind2=" ">
   <subfield code="0">0</subfield>
   <subfield code="1">0</subfield>
   <subfield code="2">ddc</subfield>
   <subfield code="4">0</subfield>
   <subfield code="6">624_182100000000000_TH455</subfield>
   <subfield code="7">0</subfield>
   <subfield code="9">16605</subfield>
   <subfield code="a">000001</subfield>
   <subfield code="b">000001</subfield>
   <subfield code="d">2019-04-18</subfield>
   <subfield code="o">624.1821 Th455</subfield>
   <subfield code="p">MD.15308</subfield>
   <subfield code="r">2019-04-18</subfield>
   <subfield code="v">119000.00</subfield>
   <subfield code="w">2019-04-18</subfield>
   <subfield code="y">BK</subfield>
  </datafield>
  <datafield tag="952" ind1=" " ind2=" ">
   <subfield code="0">0</subfield>
   <subfield code="1">0</subfield>
   <subfield code="2">ddc</subfield>
   <subfield code="4">0</subfield>
   <subfield code="6">624_182100000000000_TH455</subfield>
   <subfield code="7">0</subfield>
   <subfield code="9">16606</subfield>
   <subfield code="a">000001</subfield>
   <subfield code="b">000001</subfield>
   <subfield code="d">2019-04-18</subfield>
   <subfield code="o">624.1821 Th455</subfield>
   <subfield code="p">MD.15309</subfield>
   <subfield code="r">2019-04-18</subfield>
   <subfield code="v">119000.00</subfield>
   <subfield code="w">2019-04-18</subfield>
   <subfield code="y">BK</subfield>
  </datafield>
  <datafield tag="952" ind1=" " ind2=" ">
   <subfield code="0">0</subfield>
   <subfield code="1">0</subfield>
   <subfield code="2">ddc</subfield>
   <subfield code="4">0</subfield>
   <subfield code="6">624_182100000000000_TH455</subfield>
   <subfield code="7">0</subfield>
   <subfield code="9">16607</subfield>
   <subfield code="a">000001</subfield>
   <subfield code="b">000001</subfield>
   <subfield code="d">2019-04-18</subfield>
   <subfield code="o">624.1821 Th455</subfield>
   <subfield code="p">MD.15310</subfield>
   <subfield code="r">2019-04-18</subfield>
   <subfield code="v">119000.00</subfield>
   <subfield code="w">2019-04-18</subfield>
   <subfield code="y">BK</subfield>
  </datafield>
  <datafield tag="980" ind1=" " ind2=" ">
   <subfield code="a">Thư viện Trường Đại học Nam Cần Thơ</subfield>
  </datafield>
 </record>
</collection>
